000
00223 a2200097 4500
001
34714
100
_a
Dr Weston T
245
_a
First Aid & Family Health
260
_a
London
_b
Marshell Cavandish
_c
090
_c
22996
_d
22996
942
_a
NUST-CAE
_c
14442
_c
M
999
_c
269787
_d
269787